Guess the Flag A-Z - Statistics

General Stats
  • This quiz has been taken 49 times
  • The average score is 20 of 24
Answer Stats
Picture Answer % Correct
Argentina
97%
Italy
97%
Colombia
94%
Jamaica
94%
Belarus
89%
Estonia
89%
Georgia
89%
Fiji
86%
Kenya
83%
Lebanon
83%
Qatar
83%
Uruguay
81%
Dominica
78%
Haiti
78%
Peru
78%
Yemen
78%
Nauru
75%
Oman
75%
Zimbabwe
75%
Rwanda
72%
Syria
72%
Trinidad and Tobago
72%
Madagascar
67%
Vanuatu
64%
No matching quizzes found
Score Distribution
Percent of People with Each Score
Percentile by Number Answered
Your Score History
You have not taken this quiz